| 000 | 00645nam a2200253Ia 4500 | ||
|---|---|---|---|
| 003 | OSt | ||
| 005 | 20221005083455.0 | ||
| 006 | a|||||r|||| 00| 0 | ||
| 007 | ta | ||
| 008 | 221004b |||||||| |||| 00| 0 eng d | ||
| 024 | _a68222 | ||
| 037 | _cTextual | ||
| 040 |
_aCRL _cCRL _beng |
||
| 041 |
_2eng _aeng |
||
| 082 | _aX:8, M3 | ||
| 100 | _aSinha A.K. | ||
| 245 | 0 | _aProject engineering and management | |
| 260 |
_aNew Delhi _bVikas India _c1983 |
||
| 300 |
_a296p. _ccm. |
||
| 650 | _aMANAGEMENT | ||
| 700 |
_a Sinha Rama _9264809 |
||
| 942 |
_hX:8, M3 _cTEXL _2cc |
||
| 999 |
_c991044 _d991044 |
||